书目信息 |
| 题名: |
太湖流域土-水间的物质交换与水环境质量
|
|
| 作者: | 林先贵 , 曹志洪 编著 | |
| 分册: | ||
| 出版信息: | 北京 科学出版社 2006.02 |
|
| 页数: | 355页 | |
| 开本: | 24cm | |
| 丛书名: | 中国土壤质量研究系列专著 | |
| 单 册: | ||
| 中图分类: | S159.253 | |
| 科图分类: | ||
| 主题词: | 土壤学 | |
| 电子资源: | ||
| ISBN: | 7-03-016759-7 | |
| 000 | 00769 nam 000241 | |
| 001 | 0100001654 | |
| 005 | 20070902162236.88 | |
| 010 | @a7-03-016759-7@dCNY138.00 | |
| 100 | @a20070804d2006 em y0chiy0121 ea | |
| 101 | @achi | |
| 102 | @aCN@b110000 | |
| 105 | @ay z 000yy | |
| 200 | 10 | @a太湖流域土-水间的物质交换与水环境质量@9tai hu liu yu tu - shui jian de wu zhi jiao huan yu shui huan jing zhi liang@f曹志洪,林先贵编著@Fcao zhi hong lin xian gui bian zhu |
| 210 | @a北京@c科学出版社@d2006.02 | |
| 215 | @a355页@d24cm | |
| 225 | @a中国土壤质量研究系列专著 | |
| 606 | @a土壤学 | |
| 690 | @aS159.253@v4 | |
| 701 | 1 | @a林先贵@9lin xian gui@4编著 |
| 701 | 0 | @a曹志洪@9cao zhi hong@4编著 |
| 801 | @aCN@c20070902 | |
| 901 | @a000003 | |
| 905 | @dS159.253@eC160 | |
| 太湖流域土-水间的物质交换与水环境质量/曹志洪,林先贵编著.-北京:科学出版社,2006.02 |
| 355页;24cm.-(中国土壤质量研究系列专著) |
| ISBN 7-03-016759-7:CNY138.00 |
| ● |
| 相关链接 |
|
|
|
正题名:太湖流域土-水间的物质交换与水环境质量
索取号:S159.253/C160
 
预约/预借
| 序号 | 登录号 | 条形码 | 馆藏地/架位号 | 状态 | 备注 |
| 1 | 643425 | 206434250 | 自科库401/401自科库 66排7列1层/ [索取号:S159.253/C160] | 在馆 |